000 00291nam a22001337a 4500
008 180928b xxu||||| |||| 00| 0 eng d
020 _a9780321162120
041 _aeng
080 _25 DE
_a330.101
100 _a52
101 _aECO
245 _aMacroecomics
_cAbel.A.B
942 _2udc
_cBK
999 _c48674
_d48674